Music Quiz

Random Music or Artist Quiz

Most Popular Desert Island Discs Artists Quiz Stats

 Plays Quiz not verified by Sporcle

Challenge
Share
Tweet
Embed
Score 0/100 Timer 10:00
0 Plays Today
Rank Performer (yellow) /Composer (gold) % Correct
1.The Beatles
94.9%
7.The Rolling Stones
87%
3.Ludwig van Beethoven
79.7%
4.Wolfgang Amadeus Mozart
76.6%
6.Johann Sebastian Bach
67.2%
81.Michael Jackson
66.8%
43.Elton John
63.3%
19.Elvis Presley
61.6%
11.Led Zeppelin
59%
34.The Who
56.6%
2.Bob Dylan
53.5%
5.Pink Floyd
51.1%
40.U2
49.6%
49.John Lennon
48.3%
10.Queen
44.1%
25.The Beach Boys
41%
24.Frank Sinatra
40.6%
41.Oasis
40.1%
12.David Bowie
39.8%
95.Nirvana
39.3%
32.The Kinks
38.7%
44.The Clash
37.9%
16.Bruce Springsteen
37.6%
52.Johannes Brahms
37.1%
23.Pyotr Ilyich Tchaikovsky
36.9%
27.Jimi Hendrix
36.4%
9.Ralph Vaughan Williams
34.3%
42.Richard Wagner
33.2%
50.Stevie Wonder
33.2%
47.Eric Clapton
33%
59.Eagles
32%
14.George Frideric Handel
31.8%
22.The Smiths
31.2%
67.Frédéric Chopin
30.9%
Rank Performer (yellow) /Composer (gold) % Correct
30.Neil Young
29.1%
78.The Doors
29.1%
77.Paul Simon
28.9%
35.Abba
28.9%
31.Fleetwood Mac
28%
53.Antonio Vivaldi
26.8%
72.Coldplay
26.3%
21.Radiohead
26.1%
62.Marvin Gaye
26%
36.Miles Davis
25.6%
60.Genesis
25%
20.Simon & Garfunkel
24.7%
57.Richard Strauss
24.7%
45.Johnny Cash
24%
39.Giuseppe Verdi
23.2%
71.Rod Stewart
21.8%
54.R.E.M.
21.2%
37.Bob Marley
20.7%
8.Sir Edward Elgar
20%
29.Franz Schubert
19%
66.Louis Armstrong
18.3%
82.Adele
18.1%
74.The Jam
18.1%
75.George Gershwin
17.4%
13.Giacomo Puccini
17.2%
26.Joni Mitchell
16.9%
85.The Cure
16.7%
15.Van Morrison
16.5%
97.Elvis Costello
15.7%
70.Claude Debussy
15.5%
84.Otis Redding
15.2%
55.Ella Fitzgerald
13.9%
89.James Taylor
13.2%
51.Gustav Holst
12.5%
Rank Performer (yellow) /Composer (gold) % Correct
17.Leonard Cohen
12.4%
83.Electric Light Orchestra
11%
28.Sergei Rachmaninoff
10.8%
33.Dire Straits
10.8%
73.The Stone Roses
10.8%
91.Nat King Cole
10.8%
18.Gustav Mahler
10.5%
68.Joy Division
10.4%
38.Kate Bush
10.2%
90.Dusty Springfield
10.1%
96.Antonin Dvorak
9.7%
61.Georges Bizet
9.6%
98.Felix Mendelssohn
8.5%
76.Muse
7.7%
56.Jean Sibelius
7.7%
79.Dmitri Shostakovich
7.2%
92.Frank Zappa
6.6%
88.The Killers
6.5%
93.Jeff Buckley
6.1%
99.Nick Drake
6%
69.Tom Waits
5.7%
46.Nina Simone
5.4%
63.Johann Pachelbel
5.3%
65.Elbow
4.1%
80.Samuel Barber
2.9%
64.Susan Boyle
2.7%
94.Fairport Convention
2.6%
58.Gabriel Fauré
2.5%
48.Sir Hubert Parry
2.3%
100.Thomas Tallis
1.7%
87.John Martyn
1.2%
86.Gregorio Allegri
0.9%

You're not logged in!

Compare scores with friends on all Sporcle quizzes.
Join for Free
OR
Log In

You Might Also Like...

Show Comments

Extras

Top Quizzes Today


Score Distribution

Your Account Isn't Verified!

In order to create a playlist on Sporcle, you need to verify the email address you used during registration. Go to your Sporcle Settings to finish the process.

Report this User

Report this user for behavior that violates our Community Guidelines.

Details: